LEADER 01031nam a2200229 u 4500 001 000000039864 003 CaOOAMICUS 005 20070226114034.0 008 980520n be u000 u fre u 035 $a10795413 040 $aPUL(R)$bita 100 1 $aGiuliani, Alessandro.$0(OLS)http://pul/name/29565 245 12$aL'élément "juridique" dans la logique médievale /$cAlessandro Giuliani. 260 $a[S. l. :$bs. n.],$cs.d.] 300 $ap. 540-570 ;$c24 cm 500 $aEstratto da: La théorie de l'argumentation (Logique et analyse, nouv. sér., a. 6, déc. 1963, n. 21-24). 650 4$aMedioevo$xStoria culturale.$0(OLS)http://pul/subject/18249 850 $aPUL 852 $aPUL$W1$xDP1 Miscellanee$y10$mMisc.Lombardi.127(int.7)$j54260$nBK-PRI$b $qStampati Miscellanee$B54260$CPULBib$Z2$F54260 $H $81 941 1 $a17 996 $6245$aL'élément "juridique" dans la logique médievale$9(OLS)http://pul/title/53922 996 $6260$a[S. l. :$bs. n.]$9(OLS)http://pul/publisher/47882 LEADER 01010nam a2200253 a 4500 001 000000132630 003 CaOOAMICUS 005 20130206122646.0 008 130206s2006 it a u000 u ita r 040 $aPUL$bita 082 04$a726 245 00$aTra cielo e mare :$bil Duomo di Molfetta /$cfotografato da Ignazio Pansini. 260 $aMolfetta :$bLuce & Vita,$c©2006. 300 $a153 p. :$bill. ;$c31 cm 504 $aBibliografia in nota. 650 4$aChiese$zItalia$zPuglia$xStoria.$0(OLS)http://pul/subject/35329 700 1 $aPansini, Ignazio.$0(OLS)http://pul/name/85440 850 $aPUL 852 $aPUL$W1$xDP2 Cons. Gen., Altre Classi 3$y97$m726 PANIG 1$j152602$qDDC 21$B151983$CPULBib$Z2$F151983 $H103743 $82 941 1 $a9 996 $6082$a726$9(OLS)http://pul/classification/2345 996 $6245$aTra cielo e mare :$bil Duomo di Molfetta$9(OLS)http://pul/title/167580 996 $6260$aMolfetta :$bLuce & Vita$9(OLS)http://pul/publisher/82249